<?xml version="1.0" encoding="UTF-8"?>
<record
    xmlns:xsi="http://www.w3.org/2001/XMLSchema-instance"
    xsi:schemaLocation="http://www.loc.gov/MARC21/slim http://www.loc.gov/standards/marcxml/schema/MARC21slim.xsd"
    xmlns="http://www.loc.gov/MARC21/slim">

  <leader>00866nam a22001577a 4500</leader>
  <controlfield tag="003">OSt</controlfield>
  <controlfield tag="005">20161026155302.0</controlfield>
  <controlfield tag="008">161026b        xxu||||| |||| 00| 0 eng d</controlfield>
  <datafield tag="040" ind1=" " ind2=" ">
    <subfield code="c">RUA</subfield>
  </datafield>
  <datafield tag="082" ind1=" " ind2=" ">
    <subfield code="a">VEM TEP 2015 B517 Or.</subfield>
  </datafield>
  <datafield tag="100" ind1=" " ind2=" ">
    <subfield code="9">10958</subfield>
    <subfield code="a">TEP SOMALENETH; &#x1791;&#x17C1;&#x1796; &#x179F;&#x17BB;&#x1798;&#x17C9;&#x17B6;&#x179B;&#x17B8;&#x178E;&#x17C2;&#x178F;</subfield>
  </datafield>
  <datafield tag="245" ind1=" " ind2=" ">
    <subfield code="a">Study on Gumboro disease of local chicken and their antibodies by using Ha and Hi-Test at punnhealeu district, kandal province; &#x179F;&#x17B7;&#x1780;&#x17D2;&#x179F;&#x17B6;&#x1791;&#x17C5;&#x179B;&#x17BE;&#x179C;&#x178F;&#x17D2;&#x178F;&#x1798;&#x17B6;&#x1793;&#x1798;&#x17C1;&#x179A;&#x17C4;&#x1782;&#x1793;&#x17C3;&#x1787;&#x17C6;&#x1784;&#x17BA; Gumboro &#x179A;&#x1794;&#x179F;&#x17CB;&#x1798;&#x17B6;&#x1793;&#x17CB;&#x1796;&#x17BC;&#x1787;&#x1780;&#x17D2;&#x1793;&#x17BB;&#x1784;&#x179F;&#x17D2;&#x179A;&#x17BB;&#x1780; &#x1793;&#x17B7;&#x1784;&#x17A2;&#x1784;&#x17CB;&#x1791;&#x17B8;&#x1780;&#x17D0;&#x179A;&#x179A;&#x1794;&#x179F;&#x17CB;&#x179C;&#x17B6;&#x178F;&#x17B6;&#x1798;&#x179A;&#x1799;&#x17C8; Ha and Hi-Test &#x1793;&#x17C5;&#x1780;&#x17D2;&#x1793;&#x17BB;&#x1784;&#x179F;&#x17D2;&#x179A;&#x17BB;&#x1780;&#x1796;&#x1789;&#x17D2;&#x1789;&#x17B6;&#x17AE; &#x1781;&#x17C1;&#x178F;&#x17D2;&#x178F;&#x1780;&#x178E;&#x17D2;&#x178F;&#x17B6;&#x179B;</subfield>
  </datafield>
  <datafield tag="260" ind1=" " ind2=" ">
    <subfield code="a">Phnom Penh</subfield>
    <subfield code="b">RUA</subfield>
    <subfield code="c">2015</subfield>
  </datafield>
  <datafield tag="300" ind1=" " ind2=" ">
    <subfield code="a">x; 31p.</subfield>
    <subfield code="b">ill.</subfield>
    <subfield code="c">29cm.</subfield>
  </datafield>
  <datafield tag="942" ind1=" " ind2=" ">
    <subfield code="2">ddc</subfield>
    <subfield code="c">VEM</subfield>
  </datafield>
  <datafield tag="999" ind1=" " ind2=" ">
    <subfield code="c">10545</subfield>
    <subfield code="d">10545</subfield>
  </datafield>
  <datafield tag="952" ind1=" " ind2=" ">
    <subfield code="0">0</subfield>
    <subfield code="1">0</subfield>
    <subfield code="2">ddc</subfield>
    <subfield code="4">0</subfield>
    <subfield code="6">VEM_TEP_2015_000000000000000_B517_OR_1</subfield>
    <subfield code="7">0</subfield>
    <subfield code="9">54467</subfield>
    <subfield code="a">LBB</subfield>
    <subfield code="b">LBB</subfield>
    <subfield code="c">B517</subfield>
    <subfield code="d">2016-10-26</subfield>
    <subfield code="o">VEM TEP 2015 B517 Or.1</subfield>
    <subfield code="p">A02754</subfield>
    <subfield code="r">2016-10-26</subfield>
    <subfield code="w">2016-10-26</subfield>
    <subfield code="y">VEM</subfield>
  </datafield>
  <datafield tag="952" ind1=" " ind2=" ">
    <subfield code="0">0</subfield>
    <subfield code="1">0</subfield>
    <subfield code="2">ddc</subfield>
    <subfield code="4">0</subfield>
    <subfield code="6">VEM_TEP_2015_000000000000000_B517_OR_2</subfield>
    <subfield code="7">0</subfield>
    <subfield code="9">54468</subfield>
    <subfield code="a">LBB</subfield>
    <subfield code="b">LBB</subfield>
    <subfield code="c">B517</subfield>
    <subfield code="d">2016-10-26</subfield>
    <subfield code="o">VEM TEP 2015 B517 Or.2</subfield>
    <subfield code="p">A02505</subfield>
    <subfield code="r">2016-10-26</subfield>
    <subfield code="w">2016-10-26</subfield>
    <subfield code="y">VEM</subfield>
  </datafield>
  <datafield tag="952" ind1=" " ind2=" ">
    <subfield code="0">0</subfield>
    <subfield code="1">0</subfield>
    <subfield code="2">ddc</subfield>
    <subfield code="4">0</subfield>
    <subfield code="6">VEM_TEP_2015_000000000000000_B517_OR_3</subfield>
    <subfield code="7">0</subfield>
    <subfield code="9">54485</subfield>
    <subfield code="a">LBB</subfield>
    <subfield code="b">LBB</subfield>
    <subfield code="c">B517</subfield>
    <subfield code="d">2016-10-26</subfield>
    <subfield code="o">VEM TEP 2015 B517 Or.3</subfield>
    <subfield code="p">A02129</subfield>
    <subfield code="r">2016-10-26</subfield>
    <subfield code="w">2016-10-26</subfield>
    <subfield code="y">VEM</subfield>
  </datafield>
  <datafield tag="952" ind1=" " ind2=" ">
    <subfield code="0">0</subfield>
    <subfield code="1">0</subfield>
    <subfield code="2">ddc</subfield>
    <subfield code="4">0</subfield>
    <subfield code="6">VEM_TEP_2015_000000000000000_B517_OR_4</subfield>
    <subfield code="7">0</subfield>
    <subfield code="9">54502</subfield>
    <subfield code="a">LBB</subfield>
    <subfield code="b">LBB</subfield>
    <subfield code="c">B517</subfield>
    <subfield code="d">2016-10-26</subfield>
    <subfield code="o">VEM TEP 2015 B517 Or.4</subfield>
    <subfield code="p">A02239</subfield>
    <subfield code="r">2016-10-26</subfield>
    <subfield code="w">2016-10-26</subfield>
    <subfield code="y">VEM</subfield>
  </datafield>
  <datafield tag="952" ind1=" " ind2=" ">
    <subfield code="0">0</subfield>
    <subfield code="1">0</subfield>
    <subfield code="2">ddc</subfield>
    <subfield code="4">0</subfield>
    <subfield code="6">VEM_TEP_2015_000000000000000_B517_OR_5</subfield>
    <subfield code="7">0</subfield>
    <subfield code="9">54503</subfield>
    <subfield code="a">LBB</subfield>
    <subfield code="b">LBB</subfield>
    <subfield code="c">B517</subfield>
    <subfield code="d">2016-10-26</subfield>
    <subfield code="o">VEM TEP 2015 B517 Or.5</subfield>
    <subfield code="p">A02403</subfield>
    <subfield code="r">2016-10-26</subfield>
    <subfield code="w">2016-10-26</subfield>
    <subfield code="y">VEM</subfield>
  </datafield>
  <datafield tag="952" ind1=" " ind2=" ">
    <subfield code="0">0</subfield>
    <subfield code="1">0</subfield>
    <subfield code="2">ddc</subfield>
    <subfield code="4">0</subfield>
    <subfield code="6">VEM_TEP_2015_000000000000000_B517_OR_6</subfield>
    <subfield code="7">0</subfield>
    <subfield code="9">54504</subfield>
    <subfield code="a">LBB</subfield>
    <subfield code="b">LBB</subfield>
    <subfield code="c">B517</subfield>
    <subfield code="d">2016-10-26</subfield>
    <subfield code="o">VEM TEP 2015 B517 Or.6</subfield>
    <subfield code="p">A01578</subfield>
    <subfield code="r">2016-10-26</subfield>
    <subfield code="w">2016-10-26</subfield>
    <subfield code="y">VEM</subfield>
  </datafield>
  <datafield tag="952" ind1=" " ind2=" ">
    <subfield code="0">0</subfield>
    <subfield code="1">0</subfield>
    <subfield code="2">ddc</subfield>
    <subfield code="4">0</subfield>
    <subfield code="6">VEM_TEP_2015_000000000000000_B517_OR_7</subfield>
    <subfield code="7">0</subfield>
    <subfield code="9">54505</subfield>
    <subfield code="a">LBB</subfield>
    <subfield code="b">LBB</subfield>
    <subfield code="c">B517</subfield>
    <subfield code="d">2016-10-26</subfield>
    <subfield code="o">VEM TEP 2015 B517 Or.7</subfield>
    <subfield code="p">A01727</subfield>
    <subfield code="r">2016-10-26</subfield>
    <subfield code="w">2016-10-26</subfield>
    <subfield code="y">VEM</subfield>
  </datafield>
  <datafield tag="952" ind1=" " ind2=" ">
    <subfield code="0">0</subfield>
    <subfield code="1">0</subfield>
    <subfield code="2">ddc</subfield>
    <subfield code="4">0</subfield>
    <subfield code="6">VEM_TEP_2015_000000000000000_B517_OR_8</subfield>
    <subfield code="7">0</subfield>
    <subfield code="9">54506</subfield>
    <subfield code="a">LBB</subfield>
    <subfield code="b">LBB</subfield>
    <subfield code="c">B517</subfield>
    <subfield code="d">2016-10-26</subfield>
    <subfield code="o">VEM TEP 2015 B517 Or.8</subfield>
    <subfield code="p">A01759</subfield>
    <subfield code="r">2016-10-26</subfield>
    <subfield code="w">2016-10-26</subfield>
    <subfield code="y">VEM</subfield>
  </datafield>
  <datafield tag="952" ind1=" " ind2=" ">
    <subfield code="0">0</subfield>
    <subfield code="1">0</subfield>
    <subfield code="2">ddc</subfield>
    <subfield code="4">0</subfield>
    <subfield code="6">VEM_TEP_2015_000000000000000_B676_OR_1</subfield>
    <subfield code="7">0</subfield>
    <subfield code="9">88193</subfield>
    <subfield code="a">LBB</subfield>
    <subfield code="b">LBB</subfield>
    <subfield code="c">B676</subfield>
    <subfield code="d">2021-12-15</subfield>
    <subfield code="o">VEM TEP 2015 B676 Or.1</subfield>
    <subfield code="p">a066512</subfield>
    <subfield code="r">2021-12-15</subfield>
    <subfield code="w">2021-12-15</subfield>
    <subfield code="y">VEM</subfield>
  </datafield>
</record>
